a christmas carol: (Record no. 9506)

MARC details
000 -LEADER
fixed length control field 00977nam a22001937a 4500
003 - CONTROL NUMBER IDENTIFIER
control field OSt
005 - DATE AND TIME OF LATEST TRANSACTION
control field 20260416071351.0
008 - FIXED-LENGTH DATA ELEMENTS--GENERAL INFORMATION
fixed length control field 260416b |||||||| |||| 00| 0 eng d
040 ## - CATALOGING SOURCE
Original cataloging agency DWCL GS lib
Transcribing agency OC
082 ## - DEWEY DECIMAL CLASSIFICATION NUMBER
Classification number Fic. D548c 2010
100 ## - MAIN ENTRY--PERSONAL NAME
Personal name Dickens, Charles
245 ## - TITLE STATEMENT
Title a christmas carol:
Remainder of title philippine edition
Statement of responsibility, etc. Charles Dickens
260 ## - PUBLICATION, DISTRIBUTION, ETC.
Place of publication, distribution, etc. Philippines
Name of publisher, distributor, etc. Cengage Learning
Date of publication, distribution, etc. c2010
300 ## - PHYSICAL DESCRIPTION
Extent 175
Other physical details illustrations
Dimensions 16cm
520 ## - SUMMARY, ETC.
Summary, etc. A Christmas Carol PDF Summary - Charles Dickens | 12min BlogA Christmas Carol by Charles Dickens is a novella about Ebenezer Scrooge, a cold-hearted miser who despises Christmas. On Christmas Eve, he is visited by the ghost of his partner, Jacob Marley, and three spirits—Past, Present, and Yet to Come—who show him the folly of his ways, leading him to transform into a generous, kind man.
546 ## - LANGUAGE NOTE
Language note English
700 ## - ADDED ENTRY--PERSONAL NAME
Personal name Charles Dickens
942 ## - ADDED ENTRY ELEMENTS (KOHA)
Source of classification or shelving scheme Dewey Decimal Classification
Koha item type Fiction
Classification part Fic. D548c 2010
Suppress in OPAC No
952 ## - LOCATION AND ITEM INFORMATION (KOHA)
--
Holdings
Withdrawn status Lost status Source of classification or shelving scheme Damaged status Not for loan Home library Current library Shelving location Date acquired Source of acquisition Total Checkouts Full call number Barcode Date last seen Price effective from Koha item type Uniform Resource Identifier
    Dewey Decimal Classification     Grade School Library Grade School Library Fiction 04/16/2026 School Fund, Donation   Fic. D548c 2010 20348 04/16/2026 04/16/2026 FIC.